LEADER 00920cam0-22003251i-450- 001 990003563170403321 005 20110803094916.0 035 $a000356317 035 $aFED01000356317 035 $a(Aleph)000356317FED01 035 $a000356317 100 $a20030910d1955----km-y0itay50------ba 101 0 $aita 102 $aIT 105 $ay-------001yy 200 1 $a<>pionieri nelle campagne$fAlessandro Schiavi 210 $aRoma$cOpere nuove$d1955 215 $a115 p.$d17 cm 225 1 $a<>pionieri del socialismo in Italia$v4 676 $a324.2450740922$v19$zita 700 1$aSchiavi,$bAlessandro$f<1872-1965 >$0118597 801 0$aIT$bUNINA$gRICA$2UNIMARC 901 $aBK 912 $a990003563170403321 952 $aSE 052.06.20-$b034730$fDECSE 952 $aXIV B 974 (4)$b3701$fFSPBC 959 $aDECSE 959 $aFSPBC 996 $aPionieri nelle campagne$9492917 997 $aUNINA LEADER 02226nam0 22004331i 450 001 UBO2453257 005 20251003044422.0 100 $a20221005d1977 ||||0itac50 ba 101 | $aita 102 $ait 181 1$6z01$ai $bxxxe 182 1$6z01$an 183 1$6z01$anc$2RDAcarrier 200 1 $aRapporto sull'evoluzione congiunturale dell'economia italiana nell'autunno del 1976 e nel primo semestre del 1977$fConsiglio nazionale dell'economia e del lavoro 210 $aRoma$cCNEL$d1977 215 $aLXXXVII, 95 p., c. di tav. 606 $aECONOMIA$xITALIA$2FIR$3IEIC014856$9E 676 $a945.0927$9STORIA. ITALIA, 1970-1979$v23 696 $aEconomia reale$aAttivitą economiche$aAspetti economici 699 $aEconomia$yEconomia reale 699 $aEconomia$zAttivitą economiche 699 $aEconomia$zAspetti economici 710 02$aCNEL$3CFIV004803$4070$0353588 791 02$aConseil national de l'économie et du travail$3CFIV134009$zCNEL 791 02$aEconomy and labour national council$3CFIV134731$zCNEL 791 02$aItalia$b : Consiglio nazionale dell'economia e del lavoro$3CFIV156625$zCNEL 791 02$aConsiglio nazionale dell'economia e del lavoro$3CFIV158538$zCNEL 791 02$aConseil national de l'économie et du travail$3CFIV134009$zCNEL 791 02$aEconomy and labour national council$3CFIV134731$zCNEL 791 02$aItalia$b : Consiglio nazionale dell'economia e del lavoro$3CFIV156625$zCNEL 791 02$aConsiglio nazionale dell'economia e del lavoro$3CFIV158538$zCNEL 801 3$aIT$bIT-000000$c20221005 850 $aIT-BN0095 901 $bNAP 01$cPOZZO LIB.$nVi sono collocati fondi di economia, periodici di ingegneria e scienze, periodici di economia e statistica e altri fondi comprendenti documenti di economia pervenuti in dono. 912 $aUBO2453257 950 0$aBiblioteca Centralizzata di Ateneo$c1 v.$d 01POZZO LIB.F. ASSANTE 672$e 0101 0060014715E VMA 1 v. (Precedente collocazione A 340)$fB $h20221005$i20221005 977 $a 01 996 $aRapporto sull'evoluzione congiunturale dell'economia italiana nell'autunno del 1976 e nel primo semestre del 1977$92916960 997 $aUNISANNIO